[Event "Titled Tuesday intern op 28th Mar Early"]
[Site "Chess.com INT"]
[Date "2023.03.28"]
[Round "3"]
[White "Nguyen, Ngoc Truong Son"]
[Black "Shevtchenko, Olesya"]
[Result "1-0"]
[WhiteElo "2645"]
[BlackElo "2054"]
[PlyCount "65"]
[EventDate "2023.03.28"]
[EventType "swiss (blitz)"]
[EventRounds "11"]
[EventCountry "USA"]
[SourceTitle "EXT 2024"]
[Source "ChessBase"]
[SourceDate "2023.10.10"]
[SourceVersion "1"]
[SourceVersionDate "2023.10.10"]
[SourceQuality "1"]

1. d4 Nf6 2. Nf3 e6 3. Bf4 d5 4. e3 c5 5. c4 cxd4 6. Nxd4 dxc4 7. Bxc4 e5 8. Bb5+ Bd7 9. Bxe5 a6 10. Bxf6 Qxf6 11. Bxd7+ Nxd7 12. Nc3 Bb4 13. Rc1 0-0 14. 0-0 Rfd8 15. Nd5 Qd6 16. Nf5 Qf8 17. Rc7 Nb6 18. Nxb6 Rxd1 19. Rxd1 Re8 20. Nd7 Rd8 21. Rd4 Qe8 22. Nh6+ Kh8 23. Ne5 gxh6 24. Rxd8 Qxd8 25. Nxf7+ Kg7 26. Nxd8+ Kg6 27. Nxb7 Kh5 28. Nc5 Bxc5 29. Rxc5+ Kh4 30. Ra5 h5 31. f3 h6 32. g3+ Kh3 33. Rxh5# 1-0

[Event "Titled Tuesday intern op 28th Mar Early"]
[Site "Chess.com INT"]
[Date "2023.03.28"]
[Round "7"]
[White "Shevtchenko, Olesya"]
[Black "Manon Og, Ramon Jr"]
[Result "1-0"]
[WhiteElo "2054"]
[BlackElo "1999"]
[PlyCount "83"]
[EventDate "2023.03.28"]
[EventType "swiss (blitz)"]
[EventRounds "11"]
[EventCountry "USA"]
[SourceTitle "EXT 2024"]
[Source "ChessBase"]
[SourceDate "2023.10.10"]
[SourceVersion "1"]
[SourceVersionDate "2023.10.10"]
[SourceQuality "1"]

1. e4 c5 2. Nc3 d6 3. d4 cxd4 4. Qxd4 Nc6 5. Qd2 Nf6 6. b3 e6 7. Bb2 Be7 8. 0-0-0 0-0 9. Kb1 a6 10. f3 b5 11. g4 b4 12. Na4 Bb7 13. h4 d5 14. e5 Nd7 15. f4 Nc5 16. Nxc5 Bxc5 17. Nf3 a5 18. Bb5 Qb6 19. Bxc6 Bxc6 20. Bd4 a4 21. Bxc5 Qxc5 22. Nd4 axb3 23. cxb3 Bb5 24. Rc1 Qb6 25. f5 Qa6 26. f6 Bd3+ 27. Ka1 Ra7 28. Rh2 Rfa8 29. Nc6 Rc7 30. Ne7+ Rxe7 31. fxe7 Be4 32. Qxb4 Re8 33. h5 Qa7 34. Qc5 Qb7 35. h6 gxh6 36. Rxh6 Rxe7 37. Qc8+ Kg7 38. Qxb7 Rxb7 39. Rh2 d4 40. Rc4 Rd7 41. Rd2 d3 42. Rxe4 1-0

[Event "Titled Tuesday intern op 21st Mar Early"]
[Site "Chess.com INT"]
[Date "2023.03.21"]
[Round "7"]
[White "Shevtchenko, Olesya"]
[Black "Loiacono, Antonio"]
[Result "1-0"]
[WhiteElo "2054"]
[BlackElo "2357"]
[PlyCount "99"]
[EventDate "2023.03.21"]
[EventType "swiss (blitz)"]
[EventRounds "11"]
[EventCountry "USA"]
[SourceTitle "EXT 2024"]
[Source "ChessBase"]
[SourceDate "2023.10.10"]
[SourceVersion "1"]
[SourceVersionDate "2023.10.10"]
[SourceQuality "1"]

1. e4 e5 2. Nf3 Nc6 3. Nc3 Nf6 4. d4 exd4 5. Nxd4 Bb4 6. Nxc6 bxc6 7. Bd3 0-0 8. 0-0 Re8 9. Qf3 h6 10. h3 d6 11. Bd2 Rb8 12. a3 Bc5 13. b4 Bd4 14. Rae1 Nd7 15. Ne2 Bf6 16. Qg3 Bh4 17. Qg4 Ne5 18. Qh5 Nxd3 19. cxd3 Ba6 20. Qf3 Bf6 21. Ng3 d5 22. exd5 Rxe1 23. Rxe1 Qxd5 24. Ne4 Bb2 25. Nc5 Qxf3 26. gxf3 Rb6 27. a4 Bd4 28. Re8+ Kh7 29. a5 Bxc5 30. axb6 Bxb6 31. Be3 Bxd3 32. Re7 Kg6 33. Bxb6 cxb6 34. Rxa7 c5 35. Rb7 cxb4 36. Rxb6+ Kg5 37. Rxb4 f5 38. f4+ Kh5 39. Kg2 g5 40. fxg5 hxg5 41. Kg3 Be4 42. f3 f4+ 43. Kf2 Bf5 44. Kg2 Kh4 45. Rb8 Kh5 46. Rh8+ Kg6 47. h4 g4 48. Rg8+ Kh5 49. Rg5+ Kxh4 50. Rxf5 1-0

[Event "Titled Tuesday intern op 21st Mar Early"]
[Site "Chess.com INT"]
[Date "2023.03.21"]
[Round "8"]
[White "Skliarov, Viktor"]
[Black "Shevtchenko, Olesya"]
[Result "1-0"]
[WhiteElo "2384"]
[BlackElo "2054"]
[PlyCount "67"]
[EventDate "2023.03.21"]
[EventType "swiss (blitz)"]
[EventRounds "11"]
[EventCountry "USA"]
[SourceTitle "EXT 2024"]
[Source "ChessBase"]
[SourceDate "2023.10.10"]
[SourceVersion "1"]
[SourceVersionDate "2023.10.10"]
[SourceQuality "1"]

1. e4 c6 2. d4 d5 3. e5 Bf5 4. Nf3 e6 5. Be2 c5 6. Be3 Qb6 7. Nc3 Nc6 8. 0-0 Qxb2 9. Qe1 c4 10. Rb1 Qxc2 11. Rxb7 Bb4 12. Rxb4 Nxb4 13. Nb5 Nxa2 14. Bd1 Qb2 15. Qa5 Ne7 16. Nc7+ Kd7 17. Ba4+ Nc6 18. Qc5 Qb6 19. Qd6+ Kc8 20. Nxa8 Kb7 21. Nxb6 Nab4 22. Nd7 Rd8 23. Bxc6+ Nxc6 24. Ra1 a5 25. h3 c3 26. Ng5 Bg6 27. Kh2 c2 28. Nc5+ Kb6 29. Na4+ Kb7 30. Qc5 Rc8 31. Qb6+ Ka8 32. Nc5 Rb8 33. Rxa5+ Nxa5 34. Qxa5# 1-0